00803nam a22002057a 45000010005000000030006000050050017000110080041000280200017000690400029000860500009001151000014001242450057001382600043001953000059002385050008002975200243003055210029005485210020005777512FISKH20250722151119.0250722b cb ||||| |||| 00| 0 eng d a027506930068 aFISKHbengcFISKHdFISKH aPZ7  aAnonymous aHandy Manny : bA day in the park /cUnknown Author  aMaitland :bAdvan Publishers , c2010. a24 unnumbered pages : bcolor illustrations ;c25 cm . aK  aIt's Community Day, and Manny and tools are working with friends and neighbors to fix up the local park. From falling off the see-sax to falling into the fountain, it's an event-filled day and night for the residents of Sheet Rock Hills! 8 a510 bLexile estimate 8 aK bRaz-Plus